Sports Quiz

Random Sports or Minefield Quiz

Click a Super Bowl Winner (Minefield) Quiz Stats

 Plays Quiz Updated Feb 4, 2018

Score 0/20 Timer 03:00
0 Plays Today
% Correct
???
87%
???
79.3%
???
76.3%
???
71.4%
???
68.7%
???
68.4%
???
66%
???
65.6%
???
64.2%
???
63.8%
% Correct
???
60%
???
57.8%
???
57.7%
???
54.7%
???
54.6%
???
50.1%
???
49.9%
???
49.6%
???
47.7%
???
24.7%

You're not logged in!

Compare scores with friends on all Sporcle quizzes.
OR
Log In

You Might Also Like...

Show Comments

Extras

Top Quizzes Today


Score Distribution

Your Account Isn't Verified!

In order to create a playlist on Sporcle, you need to verify the email address you used during registration. Go to your Sporcle Settings to finish the process.

Report this User

Report this user for behavior that violates our Community Guidelines.

Details: